24 Movie Posters with Glasses Quiz Stats

Quiz Updated Oct 19, 2017

Challenge
Share
Tweet
Score 0/24 Timer 06:00
2 Plays Today
% Correct
Harry Potter and the Sorcerer's Stone
97.7%
Up
97.6%
Men in Black 3
97.5%
The Matrix Reloaded
94.5%
The Hangover Part III
79.4%
22 Jump Street
76.5%
Jobs
71.5%
Hancock
70.2%
Ray
68.7%
Erin Brockovich
56.7%
As Good as It Gets
55.1%
Capote
52.7%
% Correct
Joy
35.7%
Mr. Peabody & Sherman
34.4%
Black Mass
31.5%
The Taking of Pelham 123
29.3%
War Dogs
28.1%
Tinker Tailor Soldier Spy
25.8%
Trumbo
22.8%
Nightcrawler
18.6%
Flyboys
10.1%
I'm Still Here
8.5%
The Counselor
7.8%
Killer Elite
4.1%

You're not logged in!

Compare scores with friends on all Sporcle quizzes.
Join for Free
OR
Log In

You Might Also Like...

Show Comments

Extras

Top Quizzes Today


Score Distribution

Your Account Isn't Verified!

In order to create a playlist on Sporcle, you need to verify the email address you used during registration. Go to your Sporcle Settings to finish the process.

Report this User

Report this user for behavior that violates our Community Guidelines.

Details: